| 000 | 00687nam a22002057a 4500 | ||
|---|---|---|---|
| 999 |
_c20007 _d20007 |
||
| 003 | AR-CdUCM | ||
| 008 | 190524b ||||| |||| 00| 0 spa d | ||
| 040 |
_aMUNICIPALIDAD PROVINCIAL DEL CUSCO _cBIBLIOTECA MUNICIPAL DEL CUSCO |
||
| 082 |
_a211 / _bI31 |
||
| 100 |
_aIdígoras, J. L. _941845 |
||
| 245 | _aVocabulario teológico desde nuestra realidad / | ||
| 260 |
_aLima : _bCentro de proyección cristiana, _c1979. |
||
| 300 |
_a385 páginas ; _bIlustraciones, _c30 cm. |
||
| 505 | _aContenido: Aborto - Vocación religiosa. | ||
| 650 |
_aReligión _91195 |
||
| 650 |
_aVocación religiosa _941846 |
||
| 650 |
_aTeología _93537 |
||
| 942 |
_2ddc _cLIBROS |
||
| 945 |
_adavv _d2019-05-24 |
||